000 00285nam a22001217a 4500
008 181204b xxu||||| |||| 00| 0 eng d
041 _aeng
080 _a330.722
100 _a61
101 _aKON
245 _aCanadian Advanced Financial Accoting
_cBeechy.TH.H
942 _2udc
_cBK
999 _c52803
_d52803